• 首页
  • 本馆介绍
  • 公告通知
  • 最新文献
  • 馆藏检索
  • 电子资源
  • 读者导购
  • 参考咨询
  • 我的图书馆
  • 登录
  • 详细信息显示
  • 放入我的书架
  • 预约/预借图书
  • 作者相关作品
  • 分类相关作品
  • 丛书相关作品
  • 出版社相关作品

书目信息

  • 表格格式
  • 工作单格式
  • 卡片格式
题名:
保险就该这样卖
    
 
作者: 陈玉明 编著
分册:  
出版信息: 北京   机械工业出版社  2012
页数: 259页
开本: 24cm
丛书名: 推销员实战情景模拟丛书
单 册:
中图分类: F840.4
科图分类:
主题词: 保险业务--推销 , 保险业务 , 推销
电子资源:
ISBN: 978-7-111-38925-5
000 00966nam0 22002891 450
001 523
005 20140909165553.65
010    @a978-7-111-38925-5@dCNY38.00
100    @a20120920d2012 em y0chiy50 ea
101 0  @achi
102    @aCN@b110000
105    @ay z 000yy
106    @ar
200 1  @a保险就该这样卖@ABao Xian Jiu Gai Zhe Yang Mai@e升级版@ESheng Ji Ban@f陈玉明编著@FChen Yu Ming Bian Zhu
205    @a2版
210    @a北京@c机械工业出版社@d2012
215    @a259页@d24cm
225 2  @a推销员实战情景模拟丛书
330    @a本书针对保险营销的实际,提供了105个模拟场景,分8堂课进行讲解。每个模拟场景均按实际问题、点评分析、方式和策略、专家建议的思路一气呵成,思路清晰,简明易懂。
461  0 @12001 @a推销员实战情景模拟丛书
606 0  @a保险业务@x推销
606 0  @a保险业务
606 0  @a推销
690    @aF840.4@v5
701  0 @a陈玉明@AChen Yu Ming@c(保险)@4编著
801  0 @aCN@bTANGWEI@c20140603
905    @b0836922-24@dF840.4@e79=2@f3
    
    保险就该这样卖:升级版/陈玉明编著.-2版.-北京:机械工业出版社,2012
    259页;24cm.-(推销员实战情景模拟丛书)
    
    
    ISBN 978-7-111-38925-5:CNY38.00
    本书针对保险营销的实际,提供了105个模拟场景,分8堂课进行讲解。每个模拟场景均按实际问题、点评分析、方式和策略、专家建议的思路一气呵成,思路清晰,简明易懂。
●
相关链接 在E读中查询图书 在五车中查询图书 在当当中查询图书 在豆瓣中查询图书


正题名:保险就该这样卖     索取号:F840.4/79=2         预约/预借

序号 登录号 条形码 馆藏地/架位号 状态 备注
1 0836922   208369228   第一样本阅览室/ [索取号:F840.4/79=2] 在馆    
2 0836923   208369237   密集书库-海洋学院/ [索取号:F840.4/79=2] 在馆    
3 0836924   208369246   第一借阅区/ [索取号:F840.4/79=2] 在馆    
唐山师范学院图书馆 欢迎您!
大连网信软件有限公司© 版权所有